Bac philo - Statistiques

Statistiques générales
  • Ce quiz a été pris 48 fois
  • Le résultat moyen est 2 sur 37
Statistiques - réponses
Hint Réponse % Correct
L’homme est condamné ... - Sartre à être libre
69%
L’homme est un ... - Aristote animal politique
56%
La religion c'est ... ! - Marx l'opium du peuple
22%
Est beau ... - Kant ce qui plait universellement sans concept
19%
L’homme est la mesure de - Protagors toutes choses
11%
... au-deçà des Pyrénées, ... au-delà - Pascal vérité erreur
6%
Il y a, ... il y a ... - Epictete ce qui dépend de nous, ce qui ne dépend pas de nous
3%
C’est ..., et non la religion qui fait l’homme - Marx l’homme qui fait la religion
3%
La propriété c’est du ... - Proudhon vol
3%
Le temps est donc donné ... - Kant a priori
0%
Ne serais-je pas lié, ..., à ma volonté d’hier ? - Stirner aujourd'hui et pour toujours
0%
Fais ... - Kant ce qui peut te rendre digne d’être heureux
0%
Cette guerre est de ... - Hobbes chacun contre chacun
0%
Connaître la ..., c’est connaître la ... - St Thomas d'Aquin conformité vérité
0%
L’Esclave qui travaille pour le Maître, refoule ses instincts en fonction ... - Kojeve d’une idée, d’un concept
0%
C’est ainsi que la masse des hommes sert l’État, non pas ..., mais ... - Thoreau essentiellement comme des hommes comme des machines
0%
Je n’hésite pas à dire que ... c’est le ... - Bakounine etat mal
0%
Je pense que nous devrions d’abord être des ..., ensuite des ... - Thoreau hommes sujets
0%
Il n’est ni parfait, ni beau, ni noble et ne veut rien devenir de tout cela, ... ! - Nietzsche il ne cherche pas à imiter l’homme
0%
Qu’est donc que le temps ? Si personne ne me le demande, ...; mais si on me le demande,... . - St Augustin je le sais bien je trouve que je l’ignore
0%
L’État, c’est ..., c’est la ... - Bakounine l’autorité force
0%
Il est visible qu’il n’y ai rien qui puisse les rendre siennes que - Locke le soin et la peine qu’il prend de les cueillir et de les amasser
0%
Au moment où l’écriture fait son début: elle paraît favoriser ... des hommes plutôt que leur ... - Levi-Strauss l’exploitation illumination
0%
Ce qui reste caractéristique de ..., c’est qu’elle dérive de... - Freud l'illusion désirs humains
0%
Ceux là qui par impuissance de commettre ... s’emploient à être ... ne s’y emploient pas de leur plein-gré - Platon l’injustice justes
0%
L’ouvrier est devenu une ... - Marx marchandise
0%
Fais ton bien avec le ... - Rousseau moindre mal d’autrui qu’il est possible
0%
Veux-tu ceci encore une fois et encore d’innombrables fois ? -> Auteur Nietzsche
0%
Notre âme veut être remuée ... ; elle n’est heureuse que par les choses qui lui font sentir son existence - Du Chatelet par l’espérance ou la crainte
0%
Comment se pourrait-il qu’une ... connût le ... ? - Pascal partie tout
0%
C’est la ... qui l’isole, c’est par elle qu’il dit en secret à l’aspect d’un homme souffrant, ... - Rousseau philosophie péris si tu veux, je suis en sûreté.
0%
Le peuple a besoin de ... comme ... - Weil poésie pain
0%
Un homme libre est celui qui, ..., n’est pas empêché de faire ce .... - Hobbes pour ces choses que selon sa force et son intelligence il est capable de faire qu’il a la volonté de faire
0%
L’acte premier de la mauvaise foi est ... - Sartre pour fuir ce qu’on ne peut pas fuir, ce qu’on est
0%
Agis de telle sorte ... - Kant que la maxime de ta volonté puisse valoir de loi universelle
0%
Les conventions ... ne sont que des ... - Hobbes sans le glaive paroles
0%
La ... et ... sont des puissances ennemies - Stirner volonté individuelle Etat
0%
Aucun quiz correspondant
Distribution des résultats
% des personnes avec chaque résultat
Percentile par nombre de réponses
Votre historique - résultats
Vous n’avez pas pris ce quiz